01052nam a2200217 i 450000100060000000300090000600500170001500700030003200800410003510000660007624502330014226000760037530000280045165000320047970000420051170000590055371000640061285200210067699900170069795201200071444457ES-MaACL20250901024353.0t|030321s1933 sp ||||1| spa d1 aCeballos y Fernández de Córdoba, Luis, d1896-196793728410aEstudio sobre la vegetación y la flora forestal de la provincia de Málaga / ctrabajo que se publica como complemento al mapa forestal de la misma por Luis Ceballos y Carlos Vicioso ; prólogo de Joaquín Mª Castellarnau. aMadrid : bInstituto Forestal de Investigaciones y Experiencias,c1933. a2 v. : bil. ; c27 cm. 4aBosques-zMálaga.91654941 aVicioso, Carlos (d1886-1968)91143831 aCastellarnau, Joaquín María de,d1848-194391435332 aInstituto Forestal de Investigaciones y Experiencias.95059 aES-MaACLjA-3958 c44457d44457 00104070aATENEOMbATENEOMcSPP1d2008-01-17eSCl0oA-3958p1046786r2023-02-23 00:00:00w2023-02-23yMONOGRAFIA